[Event "Kathmandu Open 2018"]
[Site "Kathmandu"]
[Date "2018.04.13"]
[Round "1"]
[White "Bang Atharva"]
[Black "Fominyh, Alexander"]
[Result "0-1"]
[WhiteElo "1516"]
[BlackElo "2391"]
[Annotator "TA"]
[PlyCount "54"]
[EventDate "2018.??.??"]
[EventType "swiss"]
[EventCountry "NEP"]
[SourceTitle "playchess.com"]
[Source "ChessBase"]
[SourceQuality "1"]

{[%evp 9,54,-81,-66,-77,-75,-55,-55,-67,-65,-109,-41,-66,-20,-97,-93,-101,-101,-93,-100,-88,-68,-70,-60,-131,-127,-127,-121,-138,-149,-174,-149,-193,-187,-220,-177,-269,-182,-509,-455,-447,-447,-435,-422,-681,-521,-599,-483]} 1. d4 Nf6 2. Nf3 c5 3. e3 d5 4. b3 cxd4 (4... Nc6 5. Bb2 e6 6. Nbd2 Bd6 7. Bd3 O-O 8. O-O b6 9. c4 Bb7 10. cxd5 exd5 11. Qe2 Re8 12. Rfd1 Qe7 13. Rac1 Ne4 14. Bb5 a6 15. Bxc6 Bxc6 16. dxc5 bxc5 17. Nxe4 Qxe4 18. Ba3 d4 19. Bxc5 Bxc5 20. Rxc5 dxe3 21. fxe3 {1-0 (128) Ju,W (2572)-Sebenik,M (2551) chess.com INT 2018}) 5. Nxd4 e5 6. Nf3 {D04: Colle System} Nc6 7. Bb2 Bb4+ 8. Nbd2 {Black is slightly better.} Ne4 {And now ...Qf6 would win.} 9. Bb5 $146 ({Find the theoretical novelty and annotate with similar games:} 9. Qc1 d4 10. a3 dxe3 11. axb4 Nxf2 {1-0 (26) Danjoutin,C-Gambit de Muret,C ICCF email 2006}) 9... Bg4 (9... Qa5 $17 10. Bxc6+ bxc6) 10. c3 Bxf3 (10... Nxc3 {NOTEXT} 11. Bxc6+ bxc6 12. Qc2 Ne4 13. O-O Nxd2 14. Nxd2 f6) 11. Qxf3 (11. gxf3 $11 Bxc3 12. Bxc6+ bxc6 13. Bxc3 Nxc3 14. Qc2) 11... Bxc3 $17 ({And not} 11... Nxc3 12. Bxc6+ bxc6 13. a3 $18) 12. Bxc3 Nxc3 13. Bxc6+ bxc6 14. Qf5 Qf6 15. Qc2 d4 16. exd4 (16. Rc1 $1 $15) 16... exd4 17. O-O O-O $36 {[%mdl 2048] Black is in control.} 18. Rfe1 Rfe8 19. Nf3 g6 20. Rac1 c5 21. h3 Rad8 22. a3 (22. Qd3 $142) 22... Qf4 23. b4 $2 {[#]} (23. Ra1 {is tougher.}) 23... Ne2+ $1 {[%mdl 512] Black is clearly winning.} 24. Rxe2 Rxe2 25. Qxc5 d3 26. Qc3 (26. Rd1 $142) 26... Qd6 27. Rd1 Qb6 {Precision: White = 25%, Black = 45%.} 0-1

[Event "Kathmandu Open 2018"]
[Site "Kathmandu"]
[Date "2018.04.13"]
[Round "1"]
[White "Bhutia, W. T"]
[Black "L'ami, Alina"]
[Result "0-1"]
[WhiteElo "1490"]
[BlackElo "2316"]
[Annotator "TA"]
[PlyCount "90"]
[EventDate "2018.??.??"]
[EventType "swiss"]
[EventCountry "NEP"]
[SourceTitle "playchess.com"]
[Source "ChessBase"]
[SourceQuality "1"]

{[%evp 13,90,-8,14,1,1,-38,-9,-36,-39,-30,-37,-51,-48,-43,-35,-152,-141,-101,-55,-50,-45,-200,-73,-253,-249,-238,-142,-147,-147,-146,-154,-511,-148,-149,-149,-134,-134,-134,-129,-243,-247,-245,-245,-241,-241,-231,-235,-385,-381,-406,-393,-400,-403,-399,-399,-389,-389,-435,-418,-452,-454,-462,-459,-456,-457,-461,-458,-448,-433,-610,-605,-600,-601,-650,-616,-643,-621,-662,-636]} 1. e4 c5 2. Nf3 d6 3. d4 cxd4 4. Qxd4 a6 5. Be3 Nc6 6. Qb6 Qxb6 7. Bxb6 Bg4 {LiveBook: 7 Games. B53: Sicilian: 2...d6: Lines with Qxd4} (7... Nf6 8. Nc3 Bg4 9. Be2 g6 10. h3 Bxf3 11. Bxf3 Rc8 12. O-O-O Bh6+ 13. Kb1 Nd7 14. Na4 Nce5 15. Be2 Nxb6 16. Nxb6 Rc6 17. Nd5 {0-1 (51) Polgar,J (2680)-Carlsen,M (2801) Moscow 2009}) 8. Nbd2 Nf6 9. Nd4 $146 ({Find the theoretical novelty and annotate with similar games:} 9. Be2 Rc8 10. c3 e6 11. O-O-O d5 12. Rhe1 Be7 13. Nd4 Bxe2 14. Rxe2 O-O 15. Kb1 Nxd4 16. Bxd4 Nxe4 17. Nxe4 dxe4 18. Rxe4 {½-½ (36) Hoelscher,T (2200)-Michalke,G (2195) Germany 1999}) 9... Rc8 {Black is slightly better.} (9... Nd7 {NOTEXT} 10. Nxc6 Nxb6 11. Nb4 Be6 12. Bd3 g6) 10. Bd3 (10. f3 {NOTEXT} Nd7) 10... Nd7 11. Nxc6 {Hoping for Na7.} Nxb6 12. Nd4 g6 13. f3 Bd7 14. O-O (14. c3 $15) 14... Bg7 $1 $17 {[%cal Rg7d4]} 15. N2b3 O-O 16. c3 Rfd8 17. Na5 $2 (17. Nc2 $15) 17... Rc7 (17... Na4 $1 $19 18. Nxb7 Rf8 19. Bxa6 Nxb2) 18. f4 $2 (18. Rfd1 $17 {might work better.}) 18... Na4 $1 $19 {[%cal Ra4b2]} 19. Rab1 {[#]} Nc5 ({Better is} 19... Nxc3 $1 $19 {[%mdl 512]} 20. bxc3 Rxc3) 20. Bc2 $17 {[#]} Bxd4+ $1 21. cxd4 Ne6 22. Rbc1 $2 (22. Bd3 $17) 22... Nxd4 $2 (22... Rdc8 $19 {and Black stays clearly on top.} 23. d5 Nd4) 23. Bd3 Rdc8 24. Rxc7 Rxc7 25. Kf2 Bb5 26. Ke3 (26. Bxb5 $17 {only move.} axb5 27. Ke3) 26... Nc2+ $19 27. Kd2 {aiming for Bxb5.} Bxd3 28. Kxd3 {[%mdl 4096] Endgame KRN-KRN} Nb4+ 29. Ke3 Nxa2 30. Rf2 (30. Rd1 $142) 30... Nc1 31. Kd4 b6 {[%cal Bb7b6,Bb6b5][%mdl 32]} 32. Nc4 Nb3+ 33. Kd3 Nc5+ 34. Kd4 {[#]} Nxe4 $1 {[%mdl 512]} 35. Re2 (35. Kxe4 Rxc4+) 35... b5 36. Ne3 f5 {Black is clearly winning.} 37. Rc2 Rxc2 38. Nxc2 {KN-KN} e6 39. Nb4 Nc5 40. Nc6 Kf7 41. b4 (41. Nb4 $142) 41... Nd7 42. g3 Kf6 43. h3 h6 44. Kd3 e5 45. Ke3 g5 {Precision: White = 23%, Black = 66%.} 0-1

[Event "Kathmandu Open 2018"]
[Site "Kathmandu"]
[Date "2018.04.13"]
[Round "1"]
[White "Maharjan, Raju"]
[Black "Suvrajit, Saha"]
[Result "0-1"]
[WhiteElo "1455"]
[BlackElo "2234"]
[Annotator "TA"]
[PlyCount "64"]
[EventDate "2018.??.??"]
[EventType "swiss"]
[EventCountry "NEP"]
[SourceTitle "playchess.com"]
[Source "ChessBase"]
[SourceQuality "1"]

{[%evp 9,64,-15,-1,-28,-16,-23,-4,-7,-2,-72,-66,-75,-74,-88,-49,-102,-110,-122,-120,-157,-120,-129,-127,-146,-144,-141,-136,-150,-151,-220,-218,-357,-322,-345,-339,-330,-313,-293,-283,-347,-287,-352,-322,-381,-382,-386,-397,-431,-359,-687,-687,-687,-686,-678,-671,-611,-432]} 1. Nf3 d5 2. d4 Nf6 3. g3 Bf5 4. Bg2 e6 5. e3 (5. c4 c6 6. O-O Nbd7 7. Nc3 dxc4 8. a4 a5 9. Nh4 Bg4 10. h3 Bh5 11. f4 Nd5 12. Nf3 Bg6 13. Nh4 Bh5 14. Nf3 Bb4 15. Qc2 {0-1 (32) Shimanov,A (2639)-Adhiban,B (2689) Atlantic City 2016}) 5... Be7 6. Nbd2 {D02: 1 d4 d5 2 Nf3 sidelines, including 2...Nf6 3 g3 and 2...Nf6 3 Bf4} O-O 7. O-O h6 $146 ({Predecessor:} 7... c5 8. c3 Nc6 9. Re1 Rc8 10. Nh4 Bg4 11. Bf3 Bxf3 12. Qxf3 {0-1 (53) Truzzi,S (1518)-Bartolini,L (1580) Bratto 2005}) 8. c4 {The position is equal.} c6 9. c5 (9. b3 $11) 9... Nbd7 10. b4 a5 $36 {[%mdl 2048] Black is in control.} 11. bxa5 Rxa5 12. Nb3 ({White must play} 12. a4 $1 $15) 12... Ra4 $17 13. Bb2 Qa8 14. Nc1 Qa5 15. Nd2 Ra8 16. Ndb3 Qc7 17. f3 b6 18. cxb6 Nxb6 19. g4 (19. Qe2 $17) 19... Bg6 $19 20. f4 (20. Qe2 $142) 20... Nc4 21. Qe2 Nxb2 22. Qxb2 Nxg4 23. Qe2 Nf6 24. Kh1 c5 25. dxc5 Bxc5 26. Nd3 Bd6 27. Rfc1 Qa7 28. Rc6 Ne4 29. Bxe4 $2 {[#]} (29. Rc2) 29... Bxe4+ {Black is clearly winning.} 30. Kg1 Bxd3 31. Qxd3 Bxf4 32. Nd4 Ra3 {Precision: White = 35%, Black = 60%.} 0-1

[Event "Kathmandu Open 2018"]
[Site "Kathmandu"]
[Date "2018.04.13"]
[Round "1"]
[White "Shrestha, Bishal Kumar"]
[Black "Jaiswal, Rupesh"]
[Result "0-1"]
[WhiteElo "1396"]
[BlackElo "2121"]
[Annotator "TA"]
[PlyCount "24"]
[EventDate "2018.??.??"]
[EventType "swiss"]
[EventCountry "NEP"]
[SourceTitle "playchess.com"]
[Source "ChessBase"]
[SourceQuality "1"]

{[%evp 9,24,-54,-53,-87,-84,-86,-19,-50,-11,-37,29,-81,-68,-66,-66,-269,-271]} 1. e4 e6 2. Nc3 d5 3. e5 c5 4. d4 cxd4 5. Qxd4 Nc6 6. Bb5 {C10: French with 3 Nc3: Unusual Black 3rd moves and 3...dxe4} Bd7 7. Bxc6 Bxc6 (7... bxc6 $17 8. Nf3 c5) 8. a3 $146 {The position is equal.} ({Find the theoretical novelty and annotate with similar games:} 8. Nge2 Ne7 9. O-O Nf5 10. Qd3 Bc5 11. Ng3 d4 12. Nxf5 exf5 {0-1 (43) Splichal,J (2261)-Pytlik,L (2390) ICCF 2005}) 8... Qb6 9. Nf3 Ne7 (9... Bc5 $15 10. Qh4 a5) 10. b4 (10. Qxb6 $11 axb6 11. Be3) 10... Nf5 11. Qxb6 axb6 12. g4 $2 {[#]} (12. Bb2 $15) 12... Bxb4 $1 {[%mdl 512]} 0-1

[Event "Kathmandu Open 2018"]
[Site "Kathmandu"]
[Date "2018.04.13"]
[Round "2"]
[White "Volkov, Sergey"]
[Black "Gurung, Rahul"]
[Result "1/2-1/2"]
[WhiteElo "2598"]
[BlackElo "1962"]
[Annotator "TA"]
[PlyCount "147"]
[EventDate "2018.??.??"]
[EventType "swiss"]
[EventCountry "NEP"]
[SourceTitle "playchess.com"]
[Source "ChessBase"]
[SourceQuality "1"]

{[%evp 30,147,54,48,93,64,93,100,93,47,101,95,233,100,68,54,79,-6,53,0,42,0,7,-59,-45,-91,-83,-125,-83,-72,-50,-64,-57,-150,-18,-34,-20,-57,-20,-57,0,-29,0,0,0,0,0,0,0,-2,0,-38,-28,-37,-27,-31,0,-104,-111,-119,0,0,17,23,7,0,0,-8,-8,-90,-93,-97,-100,-80,-102,-302,-275,-270,-279,-279,-287,-287,-287,-287,-287,-280,-279,-272,-272,-272,-268,-272,-41,-211,-197,-266,-265,-238,-179,-577,-577,-573,-563,-552,-541,-541,-541,-526,0,-522,-522,-499,-499,-451,-71,-71,-71,-71,-69,-68]} 1. d4 d5 2. c4 e6 3. Nc3 Nf6 4. cxd5 exd5 5. Bg5 Nbd7 6. e3 c6 7. Qc2 Be7 8. Nf3 O-O 9. Bd3 Re8 10. h3 Nf8 11. O-O g6 12. Bh6 Ne6 {D36: Queen's Gambit Declined: Exchange Variation: Main line (5 Bg5 c6 6 Qc2)} 13. Ne5 Ng7 14. g4 Nd7 15. f4 Nxe5 16. fxe5 {LiveBook: 13 Games} Be6 17. Rf4 {[#]} Bg5 $146 ({Predecessor:} 17... Rc8 18. Raf1 Rf8 19. Qf2 c5 20. Ne2 cxd4 21. exd4 {½-½ (31) Nikolov,M (2571)-Radulski,J (2586) Bankia 2011}) 18. Bxg5 Qxg5 19. Qf2 Rac8 (19... h5 $14) 20. Kh2 $16 h5 (20... Red8 $16) 21. h4 (21. gxh5 $1 $18 {and the rest is easy.} Nxh5 22. Rg1) 21... Qd8 22. g5 Re7 23. b4 (23. Rf1 $16) 23... Rec7 (23... a5 $11) 24. a4 (24. Rf6 $14) 24... Qe7 25. Qb2 b6 26. Ba6 (26. e4 $11) 26... Rd8 $1 $15 27. Bf1 Nf5 28. Re1 c5 29. Nb5 Rcc8 30. bxc5 bxc5 31. Bd3 ({White should try} 31. Bh3 $15) 31... Ng7 (31... cxd4 $1 $17 32. Nxd4 Nxd4 33. exd4 Rb8) 32. Qa3 a6 33. Nc3 $1 Qa7 34. a5 c4 35. Bc2 Rb8 36. Na4 Bf5 37. Bd1 $1 Rb1 38. Nc3 Rbb8 $36 {[%mdl 2048] Black is more active.} 39. Na4 $1 Rb1 {And now ...Bc2! would win.} 40. Ref1 Qc7 41. Nc3 Rb7 42. R4f2 Bd3 43. Re1 (43. Rxf7 $11 {was the only way to keep the balance.} Qxf7 44. Rxf7 Rxf7 45. Qc5) 43... Nf5 $17 44. Rf4 Qe7 (44... Qc6 $17 45. Na4 Rb1) 45. Qxe7 $11 Nxe7 46. Rf6 Rb2+ 47. Kg3 Nf5+ 48. Kh3 Rf2 {...Bf1+ is the strong threat.} 49. e6 (49. Be2 $11) 49... Bf1+ $17 {[#]} 50. Rxf1 $1 {[%mdl 512]} Rxf1 51. exf7+ Kf8 $1 52. Rxa6 $2 (52. Rxg6 $17 {is the only way for White.} Rh1+ 53. Kg2 Nxh4+ 54. Kxh1 Nxg6 55. Bxh5 Kxf7 56. Kg2) 52... Nxe3 $19 53. Be2 Rc1 ({Stronger than} 53... Rxf7 54. Rxg6 Rf4 55. Bxh5 $11) 54. Rxg6 Rxc3 ({But not} 54... Kxf7 55. Rf6+ Kg8 56. Nb5 $19) 55. Rg8+ Kxf7 56. Rxd8 {[%mdl 4096] Endgame KRB-KRN} Nf5+ 57. Kg2 Rc2 58. Kf2 Nxd4 59. Ke3 Nxe2 60. Rxd5 {next Rd2 is good for White. KRN-KR} Nc1 $2 (60... c3 $1 $19 61. Rd7+ Kg6 62. Rd6+ Kg7 63. Rd7+ Kf8) 61. a6 $2 ({White should play} 61. Rc5 $15) 61... Ra2 62. Rc5 (62. Rd7+ $142 Ke6 63. Rh7) 62... Rxa6 {Strongly threatening ...Re6+.} 63. Rxc4 Nb3 64. Rc8 $2 (64. Rf4+ {is tougher.} Kg6 65. Rc4) 64... Ra4 65. Rc7+ Kg6 66. Rc6+ Kg7 67. Rc7+ {[#]} Kf8 $1 68. Rc8+ Kf7 69. Rc7+ {[#]} Ke6 $1 70. Rc6+ Kf5 71. g6 {intending g7.} Rxh4 $2 (71... Re4+ $19 {is more deadly.} 72. Kf2 Rg4) 72. g7 $17 Rg4 73. Rh6 Rxg7 74. Rxh5+ {Precision: White = 38%, Black = 47%.} 1/2-1/2

[Event "Kathmandu Open 2018"]
[Site "Kathmandu"]
[Date "2018.04.13"]
[Round "2"]
[White "Sengupta, Deep"]
[Black "Tamang Thendup"]
[Result "1-0"]
[WhiteElo "2579"]
[BlackElo "1953"]
[Annotator "TA"]
[PlyCount "43"]
[EventDate "2018.??.??"]
[EventType "swiss"]
[EventCountry "NEP"]
[SourceTitle "playchess.com"]
[Source "ChessBase"]
[SourceQuality "1"]

{[%evp 21,43,32,39,9,14,15,15,0,19,0,0,0,66,62,62,20,33,19,107,102,129,136,805,802]} 1. e4 d5 2. Nc3 dxe4 3. Nxe4 Nf6 4. Nxf6+ exf6 5. d4 c6 6. c3 Bd6 7. Bd3 O-O 8. Qc2 h6 9. Ne2 Qc7 10. Be3 Nd7 11. O-O-O Re8 {LiveBook: 5 Games} 12. Ng3 {B15: Caro-Kann: 3 Nc3: 3...g6 and 3...dxe4 4 Nxe4 Nf6 5 Nxf6+ exf6} (12. Kb1 b5 13. Ng3 a5 14. Nh5 Bf8 15. Bf4 Qd8 16. Be4 Bb7 17. g4 Nb6 18. Rhe1 Nd5 19. Bc1 a4 {1-0 (62) Cuhendi,S (2404)-Ivanov,M (2399) Novi Sad 2017}) 12... Nf8 13. Kb1 Be6 14. c4 $146 {The position is equal.} ({Predecessor:} 14. Ne4 Bf4 15. g3 Bxe3 16. fxe3 Bd5 17. Rhe1 Qa5 18. c4 Bxe4 19. Bxe4 Qg5 {0-1 (68) Gueci,T (2161)-Nurgali,N (2121) Tarvisio 2017}) 14... b5 15. cxb5 Qa5 16. Bc4 cxb5 (16... Bxc4 $11 17. Qxc4 cxb5) 17. Bxe6 $14 fxe6 18. d5 Rac8 19. Qb3 {Black must now prevent dxe6.} Rc4 (19... Bxg3 $11 {keeps the balance.} 20. hxg3 Qa6) 20. dxe6 $16 Rxe6 21. Rd5 a6 $2 {[%mdl 8192] [#]} (21... Qa4 $16) 22. Qxc4 $1 {[%mdl 512] Precision: White = 48%, Black = 24%.} 1-0

[Event "Kathmandu Open 2018"]
[Site "Kathmandu"]
[Date "2018.04.13"]
[Round "2"]
[White "Mirzoev, Azer"]
[Black "Tandukar, Nabin"]
[Result "1-0"]
[WhiteElo "2504"]
[BlackElo "1936"]
[Annotator "TA"]
[PlyCount "69"]
[EventDate "2018.??.??"]
[EventType "swiss"]
[EventCountry "NEP"]
[SourceTitle "playchess.com"]
[Source "ChessBase"]
[SourceQuality "1"]

{[%evp 14,69,25,13,37,29,18,21,14,21,23,0,25,-14,-14,-6,-9,-25,7,-26,0,1,6,-5,5,-17,0,-10,13,2,16,-213,0,-40,12,21,8,8,92,79,108,105,156,152,274,223,288,251,242,236,299,285,306,293,315,365,707,682]} 1. d4 Nf6 2. Nf3 g6 3. g3 Bg7 4. Bg2 O-O 5. O-O d6 6. b3 Nbd7 7. Bb2 Re8 8. Nbd2 {LiveBook: 12 Games} c5 {A49: 1 d4 Nf6 2 Nf3 g6 3 g3: Anti-King's Indian systems} (8... c6 9. a4 Qc7 10. e4 e5 11. dxe5 dxe5 12. a5 Nc5 13. Qe2 Bg4 14. Qe3 Bxf3 15. Bxf3 Ne6 16. c3 Bf8 {½-½ (31) Asadli,V (2449)-Oglaza,O (2240) Batumi 2018}) 9. c4 Rb8 $146 ({Predecessor:} 9... a6 10. Qc2 Rb8 11. Rad1 Qc7 12. e4 cxd4 13. Nxd4 b5 14. cxb5 Qxc2 15. Nxc2 axb5 16. Rfe1 {½-½ (79) Bezgodova,S (2154)-Shkalov,O (2233) Kostroma 2011}) 10. Qc2 cxd4 {The position is equal.} 11. Nxd4 a6 {[%cal Ba7a6,Ba6a5][%mdl 32]} 12. Rfd1 Qc7 (12... e5 $5 {[%cal Re5d4]} 13. N4f3 Nc5 $11) 13. Rac1 e5 14. N4f3 Nc5 15. Nh4 a5 16. Nf1 b5 17. cxb5 Rxb5 18. Ne3 Be6 19. Qd2 Bf8 20. Nc4 {[%cal Rc4d6]} Bxc4 21. Rxc4 Qb6 22. Qg5 $2 {[#]} (22. e3 $11 {and White stays safe.}) 22... Bg7 $2 (22... d5 $1 $19 {[%cal Rd5c4][%mdl 512]} 23. Bxd5 Nxd5 24. Rxd5 Ne4 25. Rxe4 Rxd5) 23. Ba3 Ne6 (23... d5 $15 24. Rxc5 Rxc5 25. Bxc5 Qxc5) 24. Qc1 $1 $36 {[%mdl 2048] White is more active.} d5 25. Rc8 Rxc8 (25... Qb7 $11 26. Rxe8+ Nxe8) 26. Qxc8+ $16 Nf8 27. Nf3 Ne4 (27... a4 $142) 28. e3 Nd6 (28... d4 $16) 29. Qa8 d4 30. exd4 exd4 31. Bf1 Rf5 32. Bd3 Rf6 33. Rc1 h6 34. Kg2 Nb5 $2 (34... Re6 35. Rc6 Qb7 36. Qxb7 Nxb7) 35. Bxf8 {Precision: White = 48%, Black = 22%.} 1-0

[Event "Kathmandu Open 2018"]
[Site "Kathmandu"]
[Date "2018.04.13"]
[Round "2"]
[White "Kasparov, Sergey"]
[Black "Jati, Bijay"]
[Result "1-0"]
[WhiteElo "2462"]
[BlackElo "1901"]
[Annotator "TA"]
[PlyCount "102"]
[EventDate "2018.??.??"]
[EventType "swiss"]
[EventCountry "NEP"]
[SourceTitle "playchess.com"]
[Source "ChessBase"]
[SourceQuality "1"]

{[%evp 12,102,32,30,30,34,34,33,41,36,34,34,34,36,41,31,31,31,35,33,33,28,17,7,14,0,31,6,14,0,0,0,0,0,0,0,0,0,0,0,0,0,0,0,2,3,2,4,12,0,0,0,16,0,0,0,0,0,125,118,118,0,0,0,8,8,8,8,8,8,8,8,8,8,8,8,8,8,8,8,8,8,166,170,5081,3832,29972,29972,29962,5089,29981,29982,29982]} 1. e4 c5 2. Nf3 d6 3. d4 cxd4 4. Nxd4 Nf6 5. f3 Nc6 6. c4 Nxd4 {B55: Sicilian: 2...d6 3 d4 cxd4 4 Nxd4 Nf6 5 f3} (6... e6 7. Nc3 Be7 8. Be3 O-O 9. Be2 d5 10. Nxc6 bxc6 11. O-O dxe4 12. fxe4 e5 13. Qe1 Be6 14. Kh1 Kh8 15. Qg3 Qc7 16. Rac1 Qa5 17. Bg5 Rad8 {½-½ (37) Xiong,J (2667)-Bok,B (2608) Wijk aan Zee 2017}) 7. Qxd4 {LiveBook: 86 Games} e5 8. Qf2 Be7 {White is slightly better.} 9. Nc3 O-O $146 ({Find the theoretical novelty and annotate with similar games:} 9... Be6 10. Bd3 Rc8 11. Qxa7 Bxc4 12. Bxc4 Rxc4 13. Qxb7 O-O 14. O-O {1-0 (32) Rodriguez Vila,A (2467)-Tasoko,T Sao Paulo 2002}) 10. Be3 a6 11. Bd3 Be6 12. O-O Rc8 13. Nd5 Nxd5 14. cxd5 Bd7 15. Rac1 Bg5 16. Rxc8 Bxe3 17. Qxe3 Bxc8 18. Rc1 Qa5 19. a3 Bd7 20. g3 Rc8 21. Kg2 Rxc1 22. Qxc1 Qb6 23. Be2 g6 24. Qc3 f5 25. exf5 Bxf5 26. b4 Kf7 27. a4 {[%cal Ba3a4,Ba4a5][%mdl 32]} Bd7 28. a5 Qd8 29. h4 Qc8 30. Qd2 Bf5 31. Kf2 Qc7 32. f4 Qe7 33. Qe3 exf4 34. Qxf4 Qe5 (34... Qf6 $11) 35. Qxe5 $16 dxe5 {[%mdl 4096] Endgame [#] KB-KB} 36. g4 (36. Bf3 $1 $16) 36... Bc2 $11 37. g5 Ke7 38. Bg4 {Threatens to win with Bc8.} Bb3 39. Be6 Kd6 40. Bg8 Bxd5 41. Bxh7 Bf7 42. Ke3 {With the idea h5!} Kd5 43. Kd3 e4+ 44. Ke3 Ke5 45. h5 gxh5 {[#] Strongly threatening ...Bd5.} 46. g6 Be6 $2 (46... Bc4 $1 $11) 47. g7 $18 h4 $2 (47... Kf6) 48. Bxe4 Kf6 49. Bxb7 Kxg7 50. Bxa6 (50. b5 $142 axb5 51. a6 Bc4 52. a7 Bf7 53. a8=Q b4 54. Bd5 Bxd5 55. Qxd5) 50... h3 51. Bb7 h2 {Precision: White = 70%, Black = 56%.} 1-0

[Event "Kathmandu Open 2018"]
[Site "Kathmandu"]
[Date "2018.04.13"]
[Round "2"]
[White "Llaneza Vega, Marcos"]
[Black "Sudarshan, Malga"]
[Result "1-0"]
[WhiteElo "2422"]
[BlackElo "1889"]
[Annotator "TA"]
[PlyCount "87"]
[EventDate "2018.??.??"]
[EventType "swiss"]
[EventCountry "NEP"]
[SourceTitle "playchess.com"]
[Source "ChessBase"]
[SourceQuality "1"]

{[%evp 15,87,13,26,16,43,30,35,35,35,39,34,30,29,23,20,-18,8,7,84,29,27,19,32,21,24,6,16,15,50,31,24,25,91,90,97,95,147,132,118,128,125,108,175,173,175,176,229,218,218,113,117,111,112,137,142,143,145,141,141,139,145,137,138,122,171,168,250,248,241,243,234,218,200,199]} 1. e4 e5 2. Nf3 Nc6 3. Bb5 {[%cal Bf1b5,Bb5a4,Ba4b3][%mdl 32]} a6 4. Ba4 Nf6 5. Qe2 d6 6. c3 g6 {C77: Ruy Lopez: 3...a6 4 Ba4 Nf6, unusual lines} (6... b5 7. Bb3 Be7 8. O-O Bg4 9. h3 Bh5 10. Rd1 Na5 11. Bc2 c6 12. d4 Qc7 13. Nbd2 O-O 14. a4 Rfe8 15. axb5 axb5 16. g4 Bg6 17. dxe5 dxe5 18. b4 Nb7 19. Rxa8 Rxa8 20. Bb3 {½-½ (20) Mamedov,R (2624)-Filippov,A (2637) Nakhchivan 2012}) 7. d4 b5 8. Bb3 Bg7 {LiveBook: 3 Games. The position is equal.} 9. a4 Rb8 10. axb5 axb5 11. O-O O-O 12. dxe5 dxe5 13. Bg5 Qe7 $146 ({Predecessor:} 13... h6 14. Rd1 {½-½ (101) Boric,E (2319)-Szczepkowska,K (2375) Valjevo 2012}) 14. Nbd2 h6 15. Bh4 Qc5 16. Rfd1 Bb7 (16... Nh5 $11) 17. Nf1 (17. Ne1 $16) 17... Ne7 {[%cal Bc6e7,Be7c8,Bc8b6][%mdl 32]} 18. Bc2 Nc8 19. Bxf6 Bxf6 20. Qe3 Qxe3 21. Nxe3 Nb6 22. Ng4 $36 {[%mdl 2048] White has the initiative.} Bg7 23. Ngxe5 b4 (23... Rfe8 $11) 24. cxb4 $16 Rfe8 25. Ra5 {[%cal Ba1a5,Ba5c5,Bc5c6][%mdl 32]} Ra8 (25... Re7 $142) 26. Rc5 {And now Bb3 would win.} Re7 27. h4 Rae8 {[%cal Rg7e5]} 28. Nc6 Bxc6 (28... Rd7 $16 {was worth a try.}) 29. Rxc6 $18 Bxb2 {[#]} 30. h5 $1 {[%mdl 512]} Re6 (30... gxh5 $142 31. Rxh6 Nc4 32. Rxh5 Nd6) 31. Rxc7 gxh5 32. e5 ({White should try} 32. Bb3 $18 R6e7 33. Rc6) 32... Bxe5 $16 33. Nxe5 Rxe5 34. Bb3 Re1+ 35. Rxe1 Rxe1+ {[%mdl 4096] Endgame KRB-KRN} 36. Kh2 {Hoping for Rb7.} Rb1 37. Bxf7+ Kf8 38. Bxh5 Rxb4 39. Bf3 Kg8 40. Rb7 {White is clearly better.} Kh8 (40... Rb2 $142 41. Bd5+ Kh8) 41. Kg3 $18 Rb2 42. Be4 Kg8 43. Rh7 Rb4 44. Rxh6 {Precision: White = 59%, Black = 44%.} 1-0

[Event "Kathmandu Open 2018"]
[Site "Kathmandu"]
[Date "2018.04.13"]
[Round "2"]
[White "Prince, Bajaj"]
[Black "Shahid, Ahmed S.K."]
[Result "1-0"]
[WhiteElo "2409"]
[BlackElo "1876"]
[Annotator "ChessBase"]
[PlyCount "139"]
[EventDate "2018.??.??"]
[EventType "swiss"]
[EventCountry "NEP"]
[SourceTitle "playchess.com"]
[Source "ChessBase"]
[SourceQuality "1"]
[TimeControl "5400+30"]

1. e4 e5 2. Nf3 Nc6 3. Bb5 a6 4. Bxc6 dxc6 5. Nc3 Bg4 6. h3 Bxf3 7. Qxf3 Qf6 8. Qg3 Bd6 9. d3 Ne7 10. O-O Ng6 11. Bg5 Qe6 12. Ne2 f6 13. Be3 O-O-O 14. Qg4 Qxg4 15. hxg4 h5 16. gxh5 Rxh5 17. Ng3 Rh7 18. f3 Rdh8 19. Kf2 Rh2 20. Rh1 Nf4 21. Rxh2 Rxh2 22. Bxf4 exf4 23. Ne2 Kd7 24. Rd1 g5 25. c3 Rh8 26. b3 Rh7 27. d4 Ke7 28. Nc1 Ke6 29. Nd3 Rh8 30. Rb1 Rh7 31. b4 b6 32. a4 Rh8 33. Ra1 Kd7 34. a5 b5 35. Re1 Ke6 36. Rc1 Kd7 37. Rd1 Ke6 38. Re1 Rh7 39. Rc1 Kd7 40. Rd1 Ke6 41. Re1 Rh5 42. Kg1 Rh7 43. Nf2 Rh4 44. Ng4 Bf8 45. Kf2 Rh8 46. Rd1 Bd6 47. Re1 Bf8 48. Ke2 Bd6 49. Kd3 Bf8 50. Rc1 Bd6 51. Rd1 Bf8 52. Re1 Bd6 53. e5 fxe5 54. Nxe5 Bxe5 55. Rxe5+ Kf6 56. Rc5 Rh2 57. Rxc6+ Kf5 58. Rc5+ Kf6 59. Ke4 Rxg2 60. Rc6+ Ke7 61. Rxc7+ Kd6 62. Ra7 Re2+ 63. Kf5 Re3 64. Rxa6+ Kd5 65. Rb6 Rxc3 66. Rxb5+ Kxd4 67. a6 Rc8 68. a7 Ra8 69. Rb7 Ke3 70. Kg4 1-0